000 00765nam a22002057a 4500
005 20251108170741.0
008 250721s2001 xx 000 0 ara d
082 1 4 _a510.07/عبد
100 1 _aعبد الهادي، نبيل
245 1 0 _aأساسيات العلوم و الرياضيات :
_bأساليب رتدريسها /
264 1 _aعمان :
_bدار الصفاء للنشر و التوزيع،
_c2001.
300 _a239ص
500 _aكتاب أبو علندا الذي يحمل باركود رقم pld00071612 له رقم متسلسل هو 475622 ولكنه مكرر.
650 1 7 _aالرياضيات
650 1 7 _aالتدريس
700 1 _aسليمان، نايف
700 1 _aصبري، عزام
942 _2ddc
_cBK
999 _c48124
_d48124